Assessing and responding to climate risks to Natural England's objectives (Record no. 111892)

MARC details
000 -LEADER
fixed length control field 01246cad a22001935a 4500
001 - CONTROL NUMBER
control field L152148
008 - FIXED-LENGTH DATA ELEMENTS--GENERAL INFORMATION
fixed length control field 110203s2010 xxk f 000 0 eng d
035 ## - SYSTEM CONTROL NUMBER
System control number (Sirsi) u152148
041 0# - LANGUAGE CODE
Language code of text/sound track or separate title eng
110 2# - MAIN ENTRY--CORPORATE NAME
Corporate name or jurisdiction name as entry element Natural England
9 (RLIN) 5071
245 00 - TITLE STATEMENT
Title Assessing and responding to climate risks to Natural England's objectives
Remainder of title report to the Secretary of State for Environment, Food and Rural Affairs
Medium [electronic resource]
260 ## - PUBLICATION, DISTRIBUTION, ETC.
Place of publication, distribution, etc. [S.l.]
Name of publisher, distributor, etc. Natural England
Date of publication, distribution, etc. 2010
520 ## - SUMMARY, ETC.
Summary, etc. Processes involved in assessing climate risks to Natural England's corporate objectives and the identification and implementation of appropriate responses. This is still a work in progress and a more detailed report will follow in late 2011 or early 2012. This is part of a series of reports which DEFRA have published from seven organisations which anyalyse how they are preparing for the threats and opportunities which climate change will pose.
590 ## - LOCAL NOTE (RLIN)
Local note KA
651 #4 - SUBJECT ADDED ENTRY--GEOGRAPHIC NAME
Geographic name England and Wales
Chronological subdivision 1543-
690 ## - LOCAL SUBJECT ADDED ENTRY--TOPICAL TERM (OCLC, RLIN)
Topical term or geographic name as entry element ENVIRONMENTAL AND LAND CONSULTANCY-ENVIRONMENTAL MANAGEMENT
856 40 - ELECTRONIC LOCATION AND ACCESS
Uniform Resource Identifier <a href="https://www.defra.gov.uk/environment/climate/documents/interim2/natural-england-climate-risk-report-1010.pdf">https://www.defra.gov.uk/environment/climate/documents/interim2/natural-england-climate-risk-report-1010.pdf</a>
Public note View the item free of charge at www.defra.gov.uk
942 ## - ADDED ENTRY ELEMENTS (KOHA)
Suppress in OPAC 0
Holdings
Withdrawn status Lost status Source of classification or shelving scheme Damaged status Not for loan Home library Current library Shelving location Date acquired Total Checkouts Full call number Barcode Date last seen Copy number Price effective from Koha item type
    Dewey Decimal Classification     Virtual Virtual Online 03/02/2011   ONLINE PUBLICATION 152148-2001 06/08/2019 1 06/08/2019 Book